[Event "Indonesia"]
[Site "Indonesia"]
[Date "1983.??.??"]
[Round "6"]
[White "Andersson, Ulf"]
[Black "Handoko, Edhi"]
[Result "1-0"]
[WhiteElo "2640"]
[BlackElo "2420"]
[EventDate "1983.11.??"]
[PlyCount "93"]
[EventType "tourn"]
[EventRounds "21"]
[EventCountry "INA"]
[EventCategory "11"]
[Source "ChessBase"]
[SourceDate "1999.07.01"]
[WhiteTeamCountry "NZL"]
[BlackTeamCountry "PHI"]

1. Nf3 d5 2. d4 c5 3. c4 e6 4. cxd5 exd5 5. g3 Nc6 6. Bg2 Nf6 7. O-O Be6 {
Obvykly tah zde je 7...Be7, prechazeje do normalniho Tarrasch systemu. } (
7. ... Be7 ) 8. Nc3 h6 D {Toto je proti Bg5,ale je to mozna pouze ztrata 
tempa. } 9. b3 {Take stoji za uvahu 9.Bf4. Kdyz je strelec fianketovan na 
b2  hlavni plan je pozdeji vyvijet tlak proti damskemu kridlu pomoci Na4 a
potom Rac1 a Nc5 a kontrolovat dulezite pole d4 strelcem. } 9. ... Rc8 10.
 Bb2 Be7 11. dxc5 {Ovsem vymena na c5 je nyni logictejsi protoze po 
zahrani 10. .. Be7 cerny ztratli tempo pro jeho vyvin. } 11. ... Bxc5 12. 
Rc1 O-O 13. Na4 Be7 14. e3 Qd7 15. Nd4 Bg4!? {a bily je nucen po 16.f3 do 
mirneho oslabeni pesce e3. } ( 15. ... Bh3 16. Nxc6 Rxc6 17. Qd4 Bxg2 18. 
Kxg2 a6 19. Rxc6 Qxc6 ( 19. ... bxc6 20. Rc1 {s peknou strukturalni 
vyhodou. } ) 20. Rc1 Qd6 21. Qb6 +/- ) 16. f3 Be6 ( 16. ... Bh3 17. Bxh3 
Qxh3 18. Qd3 += ) 17. Nc5 {Bily vynucuje vymenu duleziteho cernopolneho 
strelce, tudiz zajistuje dvojici strelcu a kontrolu nad cernymi poli. } 
17. ... Bxc5 18. Rxc5 Nxd4 19. Qxd4 b6 20. Rxc8 Rxc8 D {Bily dominuje na 
dlouhe diagonale a1-h8. Ma dvojici sttrelcu a cerny ma slabeho izolovaneho
pesce na d5. A nyni neni tak snadne udelat dalsi pokrok. Najdete plan k 
zesileni bile pozice. } 21. g4! {TImto tahem bily omezuje rozsah strelce 
na e6, pripravuje h3 a potom f4 a brani vymene  ....Bh3.} 21. ... Rc2 22. 
Rc1 Rxc1+ ( 22. ... Qc6 23. Qd1 Rxc1 24. Qxc1 Qxc1+ 25. Bxc1 {s prechodem 
do lepsi koncovky pro bileho. } ) 23. Bxc1 Qc6 24. Qd2 Nd7 25. Bb2 Qc7 26.
 Qc3 {Bily vynucuje prechod do koncovky lehkych figur, kde cerny ma tezky 
ukol. Kdyz hral tento tah, bily musel pocitat zdanlivou protihru ... 
Nc5-d3. Ale to bylo snadne videt ze cerny jezdec bude donucen ustoupit. } 
26. ... Qxc3 27. Bxc3 D {Bily dosahl sveho cile. Cerny jiz  trpi ze dvou 
slabin, zejmena izolovaneho pesce a celi silne dvojici strelcu. } 27. ... 
Nc5 28. Kf1 Nd3 29. Bd2 ( 29. Ke2 Nc1+ ) 29. ... Bc8 30. Ke2 Ba6 31. Kd1 
Ne5 32. Bc3 f6 33. h3 {Bily pripravuje dlouho planovany pescovy postup f4.
} 33. ... Bb7 34. Kd2 Kf7 {Jestli by se mel cerny pokusit resit situaci 
izolovaneho pesce, nasleduje.. } ( 34. ... d4 35. exd4 Bxf3 36. Bf1! {S 
trvajici vyhodou v koncovce.  Pesec d podporovany silnym bilymi strelci, d
pesec se stava velmi silny. } ) 35. f4 Nd7 36. b4! {Toto zbavuje cerneho 
jezdce pole c5. } 36. ... Ke6 37. Kd3 Kd6 38. Kd4 {hrozici b4-b5 a potom 
Bb4+. } 38. ... b5 {Cerny brani b4-b5, ale vyznamne oslabuje pole c5. Fakt
ze bily pesec a je na a2 a ne na a3 ma tady velky vyznam, jelikoz cerny by
jina dosahl jasne protihry tahem ...Nb6-c4. } 39. Be1! {Bily premistuje 
cernopolneho strelce na g3 aby hrozil f4-f5. } 39. ... Nb8 40. Bg3 Nc6+ 
41. Kc3 {Jaka obranna idea dovoli cernemu pokracovat v kladeni tuheho 
odporu? } 41. ... a6?! {Zde je 41...f5! je jeste velmi dobra obranna idea:
Nez bily obsadi cerna pole tamem f4-f5+ a otevira vyborne vyhlidky pro 
sveho Bg3, pole f5 je blokovano a toot dela obtiznejsi pro bileho 
rozvinout dvojici strelcu. Bily potom hraje 42.Bf1!} ( 41. ... f5! 42. Bf1
! ( 42. gxf5 Ne7 = ) 42. ... a6 43. Be2 += ) 42. f5+ Ne5 43. Kd4 Bc6 44. 
Bf3 g5? ( 44. ... Bb7 45. h4 Bc6 46. Bf4 Bb7 47. h5 Bc6 48. Bg2 Bb7 49. e4
! dxe4 50. Bxe4 Bc8 51. Bd5 Bd7 52. Ke4 Bc8 D {Bily na tahu vyhraje!} ( 
52. ... Be8 53. Bg3 Bd7 54. g5 Bxf5+ 55. Kxf5 Kxd5 56. gxf6 gxf6 57. Bf4 
+- ) 53. g5!! {studiovy motif prulomu. } 53. ... hxg5 54. Bxe5+ fxe5 55. 
f6 Bh3 56. Ke3 gxf6 ( 56. ... Kxd5 57. f7 +-- ) 57. h6 Bf5 58. Be4 +-- ) 
45. fxg6 Be8 46. g7 Bf7 47. a3 ( 47. a3 Be6 48. h4 Bg8 49. g5 +-- ) 1-0

[Event "Osterskan Open"]
[Site "Osterskan"]
[Date "1994.??.??"]
[Round "?"]
[White "Andersson, Ulf"]
[Black "Hector, Jonny"]
[Result "1-0"]
[WhiteElo "2620"]
[BlackElo "2530"]
[EventDate "1994.??.??"]
[EventType "swiss"]
[EventRounds "7"]
[EventCountry "SWE"]
[Source "ChessBase"]
[SourceDate "1994.03.01"]
[WhiteTeamCountry "SUI"]
[BlackTeamCountry "GER"]

1. d4 d5 2. Nf3 Nf6 3. Bg5 Ne4 4. Bh4 Qd6 5. Nbd2 Qh6 6. Qc1 Nxd2 7. Qxd2 
Qxd2+ 8. Kxd2 Bf5 9. e3 e6 10. a3 c5 11. c4 dxc4 12. Bxc4 Nc6 13. Rac1 
cxd4 14. Bb5 dxe3+ 15. Kxe3 Rc8 16. g4 Bxg4 17. Ne5 f5 18. f3 f4+ 19. Kxf4
Bh5 20. Rhd1 {#} 20. ... Bd6 21. Rxd6 O-O+ 22. Ke3 Nxe5 23. Rxc8 Rxc8 24. 
Bg3 Nc6 25. Rxe6 D Re8 ( 25. ... Bf7 26. Rd6 += ) 26. Bc4 {Zde bily 
zjednodusi do jasne lepsi koncovky lehkych figur ve ktere je dvojice 
strelcu dominantni. Dalsi nikoli nedulezita vyhoda je lepsi pozice krale. 
Izolovani bili pesci na f a h sloupcich nejsou slabina v tomto pripade 
jelikoz nemohou byt napadeni. Jedna dulezita vyhoda pro bileho je pro 
pescovou strukturu, cerny jezdec nema chranene predsunute postaveni. } 
26. ... Rxe6+ 27. Bxe6+ Bf7 28. Bc8 b5?! {Problem pesce b5 je ze v 
nekterych variantach muze byt zablokovan b2-b4 a bily bude mit pole vniku 
c5. 28...b6 je mene zavazne a nade vse neoslabuje pole c5. } 29. Bf5 g6 
30. Be4 Be8 ( 30. ... Na5 31. Kd4 Nc4 32. Bc6 a6 33. Bb7 a5 34. Ba6 Nxb2 
35. Bxb5 +/- ) 31. Bd5+ Kf8 32. Bd6+ Kg7 33. Ke4 Kf6 34. Bg8 Kg7 {Zde 
vymena strelce nepomaha, jelikoz bily kral a cernopolny strelec dominuji 
nad jezdcem a bily ziska material na damskem kridle: } ( 34. ... Bf7 35. 
Bxf7 Kxf7 36. Kd5 Na5 37. Bb4 Nc4 ( 37. ... Nb3 38. Bc3 a6 39. Kc6 Ke6 40.
 Kb6 Kd5 41. Kxa6 Kc4 42. Kb6 +/- {s technickymi problemy u bileho. } ) 
38. b3 Ne3+ 39. Kc6 +- ) 35. Be6 Kf6 36. Kd5 g5 ( 36. ... Ne7+ 37. Bxe7+ 
Kxe7 38. f4 h6 39. b4! {silny a dulezity tah v teto koncovce, jelikoz 
pesec b5 je nyni blokovan na bilem poli. Pescova koncovka po } 39. ... Bf7
{je vyhrana pro bileho. } ( 39. ... Kf6 40. h4 Ke7 ( 40. ... g5 41. fxg5+ 
hxg5 42. hxg5+ Kxg5 43. Kd6 Bg6 44. Bd7 Bd3 45. Kc5 Kf4 46. Bxb5 +- ) 41. 
Bh3 Kf6 42. Kc5 +- ) ) 37. Bc8 Na5 ( 37. ... Ne7+ 38. Bxe7+ Kxe7 39. Kc5 
Kf6 40. Ba6 Ke5 41. Bxb5 Bh5 42. Bc6 +- ) 38. Be5+ {Toto je zacatek 
manevrujici faze ve ktere bily chce vynutit ceneho do dalsich ustupku 
(oslabeni pescove struktury).} 38. ... Ke7 39. Bc3 Nc4 40. Kc5 Nb6 41. Bf5
Na4+ 42. Kd5 Nb6+ 43. Ke5 Nd7+ 44. Kd4 h5 45. Bd3 Nb6 46. Ke5 Bc6 47. Be2 
Bd7 48. Bb4+ Kf7 49. Kd6 Kf6 ( 49. ... Be6 50. Bxb5 Nc4+ 51. Kc5 Nxb2 52. 
Bd2 g4 53. fxg4 hxg4 54. Be3 Bf5 55. Kb4 Nd3+ 56. Kc3 Ne5 57. Bxa7 Nf3 58.
 Bb8 +/- ) 50. Bd3 g4 51. fxg4 hxg4 52. b3 Be8 ( 52. ... Be6 53. Bc2 Nd5 
54. Bc5 a6 55. Be4 Nf4 56. Be3 +- {Cerny jezdec ma pouze pole h5 a h3; 
bila dvojice strelcu dominuje na cele sachovnici. } ) 53. Be1 Kg5 54. Bg3 
Bf7 55. Bc2 Nd5 56. Ke5 {Bily dosahl velky cil. Cerny kral je zcela 
odrezan od centra. Nyni bily hleda vhodnou prilezitost ke spusteni utoku 
proti cernemu damskemu kridlu. } 56. ... a5 57. Bf2 b4 58. a4 Bg8 59. Be1 
Bf7 60. Kd4 Kh5 ( 60. ... Kf4? 61. Be4 { 62. Bd2+ +- }) 61. Bd1 Kg5 ( 
61. ... Nf4 62. Bg3 Ne6+ 63. Kd5 Nf4+ 64. Kc6 Nd5 65. Bf2 Kg5 66. Kb7 +/- 
) 62. Be2 Nb6 ( 62. ... Nf4 63. Bc4 +/- ) 63. Bd1 Nd5 64. Bc2 Kh5 65. Bg3 
Kg5 66. Bd3 +- D {Bily dosahl vyhranou pozici sikovnym manevrovanim. Cerny
nema obranu. Vzhledem k horzbe 67. Bc4 se ziskem pescu damskeho kridla, 
cerny musi tahnout jezdcem. } 66. ... Nb6 ( 66. ... Ne7 67. Bc4 Nc6+ 68. 
Kc5 Bxc4 69. Kxc4 Kf5 70. Kb5 Nd4+ 71. Kxa5 Nxb3+ 72. Kxb4 +- ) 67. Bc7 
Na8 68. Bxa5 Bxb3 69. Bd8+ Kf4 70. Be4 Bxa4 71. Bxa8 1-0

[Event "EU Ch rapid"]
[Site "Athens GRE"]
[Date "1997.??.??"]
[Round "7"]
[White "Andersson, Ulf"]
[Black "Van den Doel, Erik"]
[Result "1-0"]
[WhiteElo "2640"]
[BlackElo "2440"]
[EventDate "1997.??.??"]
[PlyCount "125"]
[EventType "tourn (rapid)"]
[EventRounds "13"]
[EventCountry "GRE"]
[Source "ChessBase"]
[SourceDate "1998.11.10"]
[WhiteTeamCountry "GER"]
[BlackTeamCountry "GER"]

1. d4 Nf6 2. Nf3 g6 3. g3 c5 4. c4 Bg7 5. Nc3 cxd4 6. Nxd4 Nc6 7. Bg2 Nxd4
8. Qxd4 O-O 9. O-O d6 10. Qd3 Be6 11. Bd2 Qc8 12. Nd5 Bxd5 13. cxd5 Qd7 
14. b3 Rfc8 15. Rac1 Rxc1 16. Rxc1 Rc8 17. Rc4 a6 18. a4 Ne8 19. e4 Nf6 
20. f3 Qd8 21. Be3 Nd7 22. Rxc8 Qxc8 23. Bh3 Qc7 24. Kf2 Nc5 25. Qc4 Qa5 
26. Bf1 Qc3 27. Qxc3 Bxc3 28. Bc4 b5 29. axb5 axb5 30. Bxb5 Nxb3 31. Ba4 
Nc5 32. Bc2 Kg7 33. f4 f6 34. Kf3 h6 35. Bf2 Bb2 36. Ke3 g5 D {Zde je 5 
pescu proti 5 na stejnem kridle. Bily nemuze vytvorit volneho pesce, ale 
ma vyhodu dvojice strelcu a vice prostoru.  Tato koncovka je jiste 
branitelna ale nevdecny ukol pro cerneho. Bily se pokusi otevrit pozici na
kralovskem kridle pro dvojici strelcu. } 37. h4 gxf4+ {Dobra obranna idea 
pro cerneho by byla } ( 37. ... e5 38. dxe6 ( 38. hxg5 hxg5 39. fxg5 Bd4+!
40. Kf3 Bxf2 41. gxf6+ Kxf6 42. Kxf2 Kg5 {Bily  ma pesce navic, ale nema 
moznost zlepsit pozici protoze jeho strelec je prilis slaby. } ) 38. ... 
Nxe6 39. Bb3 gxf4+ 40. gxf4 Bc1+ 41. Kf3 Nxf4 42. Bg3 Ng6 43. Kg4 Ba3 44. 
Kf5 Ne7+ 45. Ke6 Nc6 = ) 38. gxf4 D f5? ( {Lepsi tah je: } 38. ... e5 ) 
39. exf5 Bf6 40. h5 Nd7 41. Bd1 Bb2 42. Kd2 Nf6 43. Bf3 Ne8 44. Kc2 Bf6 ( 
44. ... Ba1 {dojde ke stejnemu nakonec. } ) 45. Kb3 Kf7 46. Kc4 Ng7 47. 
Bg4 Bb2 48. Kb5 Bc1 49. Bg3 Kf6 50. Bh4+ Kf7 D {Bily muze vyznamne zesilit
tlak. Jak bude pokracovat? } 51. f6! {Jemna obet pesce nuti cerneho 
obsadit dulezite obranne pole f6 pescem. Potom 52. f5! Bily uplne omezi 
svobodu pohybu cerneho krale a jezdce. } 51. ... exf6 52. f5! {Pointa obet
bileho pesce. Nyni je cas venovat energii pro pesce d6 } 52. ... Bf4 53. 
Kc6 Ke7 54. Kc7 Ne8+ 55. Kc8 Ng7 {Bily nyni planuje obsadit pole d7 kralem
a dostat cerneho do zugzwangu. Zrejme potrebuje pouze preskupit Bf2-b6-d8 
nebo pokud cerny hraje Be3... Be1-a5-d8. Alen veci nejsou tak jednoduche 
jak to vypada na prvni pohled. } 56. Bf2 Ne8? ( 56. ... Bg5! 57. Bb6 Bh4 
58. Bg1 Bg5 ( 58. ... Bg3? 59. Be3 +-- ) 59. Bh2 Ne8 60. Kb7 Bc1 ( 60. ...
 Kd7? 61. Bd1 Ng7 62. Ba4+ Ke7 63. Kc7 Nxf5 64. Bc2 Ne3 65. Bxd6+ Kf7 66. 
Bb3 +-- ) 61. Kc6 Bd2 ) 57. Bb6 Bg5 58. Bd8+ Kf7 59. Kd7 D {Nakonec se 
dostal na dulezite pole d7 } 59. ... Bf4 60. Be7 Be5 61. Bd8 Bf4 62. Bb6 
Ng7 ( 62. ... Bd2 63. Bd8 Bf4 64. Ba5 Be3 65. Bb4 Bf4 66. Be2 Kf8 67. Bb5 
Kf7 68. Bc6 Kf8 ( 68. ... Be5 69. Kd8 Ng7 70. Bd7 +- ) 69. Ke6 +-- ) 63. 
Ba5 ( 63. Ba5 Ne8 64. Bb4 Kf8 ( 64. ... Be5 65. Bd2 +-- ) 65. Be2 Kf7 66. 
Bb5 Kf8 67. Ba4 Kf7 ( 67. ... Be5 68. Bd2 Ng7 69. Bxh6 Kf7 70. Bc2 Nxh5 
71. Bd2 Ng7 72. Bb4 Ne8 73. Bd1 +- ) 68. Kd8 Ng7 69. Bd7 Kf8 ( 69. ... 
Nxh5?? 70. Be8+ +-- ) 70. Be6 Nxh5 71. Kd7 +- ) 1-0

[Event "Clarin"]
[Site "Buenos Aires ARG"]
[Date "1979.??.??"]
[Round "Vymena strelce x J"]
[White "Andersson, Ulf"]
[Black "Franco Ocampos, Zenon"]
[Result "1-0"]
[WhiteElo "2560"]
[BlackElo "2360"]
[EventDate "1979.11.??"]
[Annotator "Notkin"]
[EventType "tourn"]
[EventRounds "13"]
[EventCountry "ARG"]
[EventCategory "11"]
[Source "ChessBase"]
[SourceDate "1999.07.01"]
[WhiteTeam "II"]
[BlackTeam "II"]
[WhiteTeamCountry "THA"]
[BlackTeamCountry "SIN"]

{Varianta anglicke je casto pouzivana bilym aby se vyhnul Gruenfeldove 
obrane. Byla objevena v 1930 a zavedena do praxe finskym mezin. mistrem 
Eero Book. V roce 1970 a 1980 Ulf Andersson si upravil system a premenil 
ho na mocnou zbran. Nekteri teoretici povazuji tuto variantu za remizovou,
ale Andersson demostruje ve svych partiich ze je v tomto zahajeni jed a 
casto ji uspesne pouzival. } 
1. Nf3 Nf6 2. c4 g6 3. Nc3 d5 4. cxd5 Nxd5 5. e4 Nxc3 {Pokud se cerny 
odchyli 5...Nb6, bily konstruuje silne centrum 6.d4 a Be3.} ( 5. ... Nb6 
6. d4 { 7. Be3 }) 6. dxc3 D Qxd1+ ( 6. ... Qd6 7. Qb3 Bg7 8. Be3 O-O 9. 
Rd1 Qc6 10. Bc4 Qxe4 ( 10. ... e6 11. Nd2 { 12. a4 s trvalou iniciativou 
na damskem kridle.  }) ( 10. ... Na6? 11. Bxf7+ Rxf7 12. Rd8+ Bf8 13. Ne5 
Qf6 14. Nxf7 Qxf7 15. Bh6 Be6 16. Rxa8 Bxb3 17. axb3 {a kombinace 
skoncila. Bily ziskal kvalitu a pokracuje premenit vyhodu vkoncovce} 
17. ... Nc5 18. Rxf8+ Qxf8 19. Bxf8 Kxf8 20. Ke2! {aktivuje vez} 20. ... 
Nxe4 ( 20. ... Nxb3 21. Rd1 Ke8 22. Kd3 ) 21. Ke3 Nd6 22. g4 {Bere jezdci 
pole f5} 22. ... e5 23. Ra1 a6 24. Ra5! {Vynucuje vymeny do pescove 
koncovky } 24. ... Nf7 25. Ke4 Ke7 26. Rxe5+ {1-0 Andersson - Kouatly, 
Malta, Olympiada 1980 } ) 11. Bxf7+ Kh8 ( 11. ... Rxf7 12. Qxf7+ Kxf7 13. 
Ng5+ ) 12. Bd5 ) 7. Kxd1 f6 {Toto je povazovano za nejlepsi pokracovani, 
jelikoz cerny oponuje bilemu v centru... e5 a nevzdava se prostoru. Zde 
jsou take dalsi hratelne varianty napriklad:  } ( 7. ... Bg7 ) ( 7. ... 
Nd7 ) ( 7. ... Bg4 ) ( 7. ... c5?! {Oslabuje vsak bila pole na damskem 
kridle, jak Andersson demonstroval v partii c 13. - Andersson - Tempone ve
stejnem turnaji. } ) 8. Be3 e5 9. Nd2 Be6 10. Bc4 Bxc4 ( 10. ... Kf7! {je 
lepsi } 11. Kc2 Nd7 12. Rhd1 ( 12. b4 Nb6 ( 12. ... h5 13. g3 { 14. f4 += 
}) 13. Bb3 ) 12. ... Be7 13. a4 Rhd8 14. b4 a5 15. Kb3 c6 = {
Suba,M-Svidler,P/Linares/1994/0:1/43/ -- Zde 12.b4 slibuje bilemu nejakou 
vyhodu napriklad: } ) 11. Nxc4 Nd7 D {/\Bc5/} 12. b4! {Profxylakticky tah 
namireny proti uvolnovacimu tahu 12...Bc5, po kterem by cerny uplne 
vyrovnal hru. } 12. ... Nb6 ( 12. ... h5 13. Kc2 Bh6 14. Bxh6 Rxh6 15. 
Rhd1 O-O-O 16. Na5 Rhh8 17. Rd3 +/- {Loginov,V-Sideif 
Sade,F/Aktiubinsk/1985/1:0/43/} ) 13. Na5! O-O-O+ 14. Kc2 Be7 ( 14. ... h5
15. Rhd1 Rxd1 16. Rxd1 Bh6? {Cerny dokaze vymenit spatneho strelce, ale 
bily ma vyhodu tempa a iniciativu: } 17. Bxh6 Rxh6 18. c4 {s dalsi c5 a c6
} ) 15. a3! {Idea je c4-c5 s vyhodou prostoru a tlakem na damskem kridle. 
} 15. ... f5?! D {Pesec se stava slaby. Cerny by udelal lepe tahem:  } ( 
15. ... Nd7 {a potom Nf8-e6 ---  Jiste nebude tezke najit dalsi tah jestli
jste davali pozor. Ale pokuste se odhalit uvahy vedouci k tomuto tahu. } )
16. Bxb6! {Originalni tah ukazuje Anderssonuv jemny pozicni cit pro 
struktury tohoto druhu. Je skutecne tezke se vzdat silneho strelce za 
spatne umisteneho jezdce. Bily zde pripousti manevr... Nd7-f6 a postaveni 
na a5 } 16. ... axb6 17. Nc4 {Po 16. Bxb6! BIly zustal s lepsi lehkou 
figurou a utoci na e5. Nevyhoda ...f5 se stava jasnou. } 17. ... Bf6? {
lepsi je: } ( 17. ... fxe4! 18. Rae1 ( 18. Nd2 e3 19. fxe3 Rhf8 20. Ne4 +=
) 18. ... Rhf8 19. Rhf1 Bh4 20. Rxe4 ( 20. g3 Bg5 21. Rxe4 b5! 22. Ne3 
Bxe3 23. Rxe3 += ) 20. ... Rxf2+ 21. Rxf2 Bxf2 22. Rxe5 += ) 18. a4! Bg7 
19. Rhe1 Rhe8 20. b5 {Tento tah je nezbytny aby fixoval bod utoku na b6. 
Cerny by na tah 20.a5 odpovedel 20...b5} 20. ... f4?! {zamnknuti pescu 
jako toto oslabuje strelce jeste vice a zbavuje ho aktivity. } 21. a5 bxa5
22. Rxa5 b6 23. Ra7 Bf6 24. Rea1 Re6 25. R1a6 D {/\Na5-c6/} 25. ... Rde8 
26. Kb3! {Andersson ukazuje zde charakteristiku typickou jako Capablance, 
Botvinnik, nebo Fischer. Bere si k srdci pravidlo ."neuspechat veci" a nez
zacne konkretni akci nejdrive klidne zesiluje pozici s timto rozumnym 
tahem krale. } 26. ... Bd8 27. Ra8+ Kd7 28. Ra2! {Bily miri usadit svou 
vez na nadherne centralni pole d5 } 28. ... Bf6 29. Rd2+ Ke7 30. Ra7 Rc8 
31. Rd5 Ke8 32. h3! {Vyckavaci tah v jasne lepsi pozici. BIly umistuje sve
pesce na bila pole. } 32. ... Ke7 D {Jaky pozivni manevr pouzie bily k 
dalsimu zvetseni vyhody v prostoru? } 33. Nb2! {Pozice jezdcena c4 je 
pouze zdanlive dobra. Takze bily zlepsuje pozici tahem na d3 a pripravuje 
silny postup c4-c5. } 33. ... Ke8 ( 33. ... Rd6 34. Rxd6 Kxd6 35. c4 {a 
potom Nd3, c4-c5+ a Kc4 dava bilemu strategicky vyhranou pozici. } ) 34. 
Nd3 Bg7 ( 34. ... c6 35. Rdd7 cxb5 36. Nb4 +- ) 35. c4 Bf6 36. c5 bxc5 37.
 Nxc5 Re7 D {Dalsi tah je soucasne profylakticky a nezbytny jestli chce 
vyhrat, jaky to je? } 38. Ra6! {Universalni tah, ktery vede okamzite k 
vyhre. Zabira 6. radu, brani uvolnovacimu tahu 38...c6 a pripravuje 
rozhodujici Ra6-c6. } 38. ... Bh8 39. Kc4 Bg7 40. f3 Rb8 41. Ne6 Bf6 42. 
Rc6 {42...Rc8 je nasledovano 43.b6 +-.  Vykon v koncovce zde nechava 
trvaly dojem esteticke krasy. } ( 42. Rc6 Rc8 43. b6 +- ) 1-0

[Event "Hoogovens"]
[Site "Wijk aan Zee NED"]
[Date "1983.01.??"]
[Round "5"]
[White "Andersson, Ulf"]
[Black "Van der Wiel, John T H"]
[Result "1-0"]
[WhiteElo "2635"]
[BlackElo "2530"]
[EventDate "1983.01.??"]
[PlyCount "71"]
[EventType "tourn"]
[EventRounds "13"]
[EventCountry "NED"]
[EventCategory "12"]
[Source "ChessBase"]
[SourceDate "1999.07.01"]
[WhiteTeamCountry "SYR"]
[BlackTeamCountry "THA"]

{strana 95} 
1. Nf3 c5 2. c4 Nc6 3. g3 g6 4. Bg2 Bg7 5. Nc3 d6 6. O-O Nh6 7. d4 cxd4 8.
 Bxh6 D {Tato vymena na h6 byla zavedena do turnajove praxe Anderssonem. 
Na oplatku za dvojici strelcu bily ziskava dobry vyvin a tlak v centru. } 
8. ... Bxh6 9. Nxd4 Bd7 {Najdete pokracovani pro bileho, ktero veci trochu
ozivi. } ( 9. ... Nxd4 10. Qxd4 O-O 11. Rfd1 Bg7 12. Qe3 {Bily hrozi c4-c5
nebo Nd5. Tak je lepsi pro cerneho zbavit se  jezdce a ziskat s ... Qb6 se
probilzi k vyrovnani:  } 12. ... Bxc3! 13. Qxc3 Qb6 ) 10. c5! {Jestli  s 
prijme tato docasna obet pesce , vede to do dlouhodobe vyhode pro koncovku
pro oslabenou pescovou strukturu. Ale i kdyz  se odmitni, cerny bude mit 
tezkou pozici. } 10. ... dxc5 ( 10. ... Bg7 11. Nxc6 Bxc6 12. Bxc6+ bxc6 
13. Qa4 Bxc3 14. Qxc6+ Kf8 15. bxc3 Rc8 16. Qa6 Rxc5 17. Qxa7 Qc7 ( 
17. ... Rxc3? 18. Qd4 +-- ) 18. Qxc7 Rxc7 19. Rfc1 += {Loginov-Csom, 
Budapest 1993 } ) 11. Nxc6 Bxc6 12. Bxc6+ bxc6 13. Qc2 Qd2 ( 13. ... Qa5 
14. Na4 += ) 14. Qxd2 Bxd2 15. Ne4 {Toto je pozice kterou mel Andersson na
mysli, kdyz hral 10.c5.  Ziska pesce c5 a navic vyviji tlak na pesce c6. }
15. ... O-O-O {str. 96} 16. Rad1 Bh6 17. Nxc5 Rd5 ( 17. ... Bg7 18. b3 Rd6
19. Nd3 += ) 18. Nd3 Kc7 {Jake strukturalni zlepseni bile pozice muzete 
udelat? } 19. f4! {Toto pripravuje pochod krale na f3 a odrezava diagonalu
vedouci na c1 } 19. ... Bg7 20. Rc1 Ra5?! ( 20. ... Rhd8 21. Rc4 h5 22. 
Rfc1 R8d6 23. Kg2 += ) 21. a3 Rb5 22. Rc2 Rhb8 23. b4 {Bily dosahl cile; 
pesec c je upevnen. } 23. ... a5 24. Rfc1 R8b6 25. Kg2! {Toto je typicke 
pro velkeho technika jako Ulf Andersson: nejdrive brani vsem sancim 
protihry a potom klidne zapoji krale } 25. ... e6?! {Kral je zbaven 
duleziteho unikoveho pole, jak uvidime pozdeji. Lepsi tah j  25...Rd5} ( 
25. ... Rd5 26. bxa5 Rxa5 27. Nb4 Kd7 28. Rd2+ Ke6 29. Nxc6 Rxa3 30. Nd8+ 
Kf6 31. e4 Bf8 32. Rc8 += {s dobrou pevnosti cerneho, ackoli bily stoji 
lepe pro prevahu v prostoru. } ) 26. bxa5 Rxa5 27. Nb4 {Najdet 
presvedcivou vyhru po 27.,. Rxa3} 27. ... c5 ( 27. ... Rxa3 28. Nxc6 Kd7 (
28. ... Kb7 29. Nd8+ { 30. Nxf7 }) 29. Rd1+ {Ke6  nelze pro pesce 25...e6?
} 29. ... Kc7 30. Na5+ Kb8 31. Nc4 +-- ) 28. Rxc5+ Rxc5 29. Rxc5+ Kb7 30. 
Rc4 Bf8 31. Kf3 Rb5 32. Nc6 Rd5 ( 32. ... Bxa3 33. Nd8+ Kb6 34. Rc6+ Ka5 
35. Nxf7 +-- ) 33. a4 Rd1 34. Ne5 f6 35. Nd3 h5?! {Dalsi chyba v prohrane 
pozici } ( 35. ... Rb1 36. Re4 Rb6 37. Rd4 +- {cerny mohl klast pruznejsi 
obranu. } ) 36. Re4 1-0